Nhớ anh Hoàng Trung Thông viện trưởng của chúng tôi /

保存先:
書誌詳細
第一著者: Vân Thanh, PGS.PTS.
フォーマット: 論文
言語:Vietnamese
主題:
タグ: タグ追加
タグなし, このレコードへの初めてのタグを付けませんか!
Thư viện lưu trữ: Thư viện Trường Đại học Đà Lạt
LEADER 00665nam a2200253 4500
001 DLU090075352
005 ##20090528
040 # # |a DLU  |b vie 
041 # # |a vie 
044 # # |a vn 
100 # # |a Vân Thanh,   |c PGS.PTS. 
245 # # |a Nhớ anh Hoàng Trung Thông viện trưởng của chúng tôi /  |c Vân Thanh. 
653 # # |a Chân dung văn học  
653 # # |a Hồi kí 
653 # # |a Hoàng Trung Thông, 1925-1993  
773 # # |t Tạp chí văn học  |g Số 1, 1998, tr.15-18 
994 # # |a DLU 
900 # # |a True 
911 # # |a Nguyễn Thị Linh Chi 
925 # # |a G 
926 # # |a A 
927 # # |a BB 
980 # # |a Thư viện Trường Đại học Đà Lạt